| 000 | 00699nam a2200265 a 4500 | ||
|---|---|---|---|
| 003 | AR-BaBNM | ||
| 005 | 20251128202848.0 | ||
| 008 | 082120s2002 ||||||||||||||000 | spa|| | ||
| 040 | _cAR-BaBNM | ||
| 100 | 1 | _aAltarejos, Francisco | |
| 245 | 0 | 0 | _aEducación y felicidad |
| 250 | _a2ª ed. | ||
| 260 |
_aPamplona _bUniversidad de Navarra _c1986 |
||
| 300 | _a156 p. | ||
| 490 | 0 |
_aCiencias de la educación _vv. 27 |
|
| 504 | _aBibliografía: p. 153-156 | ||
| 650 | 4 | _aFILOSOFIA DE LA EDUCACION | |
| 650 | 4 | _aVALORES | |
| 650 | 4 | _aFINALIDADES DE LA EDUCACION | |
| 650 | 4 | _aOBJETIVOS EDUCACIONALES | |
| 650 | 4 | _aMETAS EDUCACIONALES | |
| 651 | 4 | _aEspaña | |
| 942 | _cBK | ||
| 998 | _csilvi | ||
| 999 |
_c938 _d938 |
||